German Chancellors and Presidents since 1949 - Statistics

General Stats
  • This quiz has been taken 40 times
  • The average score is 15 of 21
Answer Stats
Year Chancellor % Correct
2005-2021 Angela Merkel
100%
1982-1998 Helmut Kohl
100%
Since 2021 Olaf Scholz
97%
1949-1963 Konrad Adenauer
94%
1969-1972 Willy Brandt
92%
1998-2005 Gerhard Schröder
86%
1976-1982 Helmut Schmidt
83%
1963-1966 Ludwig Erhard
83%
2010-2012 Christian Wulff
78%
Since 2017 Frank-Walter Steinmeier
78%
1966-1969 Kurt Georg Kiesinger
78%
2004-2010 Horst Köhler
64%
2012-2017 Joachim Gauck
64%
1949-1959 Theodor Heuss
64%
1999-2004 Johannes Rau
58%
1984-1994 Richard von Weizsäcker
58%
1974-1979 Walter Scheel
53%
1994-1999 Roman Herzog
47%
1969-1974 Gustav Heinemann
42%
1959-1969 Heinrich Lübke
36%
1979-1984 Karl Carstens
36%
No matching quizzes found
Score Distribution
Percent of People with Each Score
Percentile by Number Answered
Your Score History
You have not taken this quiz